00596 2200217 4500001002100000005001500021035002000036007000300056008004100059020002200100082001000122084001600132100002800148245005500176260003600231300003600267650002500303504002600328990001200354990001200366INLIS00000000000280420190112062018 a0010-0119000156ta190112 g 0 ind  a978-602-401-219-9 a635.9 a635.9 MEI p0 aMEITY, Melani Mokoginta1 aPengelolaan Agroforestry /cMeity Melani Mokoginta aYogyakarta :bDeepublish,c2016 avii, 37 hlm. :bilus. ;c25 cm. aTANAMAN PEMELIHARAAN aBibliografi : hlm. 36 a17000 a a17000 b